| 000 | 00551nam a22001937a 4500 | ||
|---|---|---|---|
| 003 | KOHA_MİRAKIL | ||
| 005 | 20251006105411.0 | ||
| 008 | 251006b tu ||||| |||| 00| 0 tur d | ||
| 020 | _a9789944717540 | ||
| 040 |
_aTR-AnABB _btur _cTR-AnABB |
||
| 041 | _atur | ||
| 082 |
_a813.42 _bZIY 2011 |
||
| 100 | 1 | _aZiyalan, Nihat, | |
| 245 | 1 | 0 |
_aAttım kapağı yurtdışına / _cNihat Ziyalan |
| 260 |
_aİstanbul : _bGünışığı Kitaplığı, _c2011 |
||
| 300 |
_a203 sayfa ; _c20 cm |
||
| 650 | 0 | 4 | _aTürk edebiyatı, roman |
| 942 |
_2ddc _cBK |
||
| 999 |
_c9101 _d9101 |
||
| 900 | _bGizem YORULMAZ | ||